000 00335nam a2200145 i 4500
001 bg
100 1 _aCRAMER, Harold
245 0 _aMetody matematyczne w statystyce /
_cHarold Cramer.
260 _aWarszawa,
_c1958.
040 _cBPK
041 _apol
080 _a31:51
942 _cKS
008 s pl f |000 0 pol
999 _c21025
_d21025
856 _uhttp://koha.tu.koszalin.pl/cgi-bin/koha/opac-detail.pl?biblionumber=21025
_yKatalog online BPK